La alfarera celosa /
Claude Lévi-Strauss revolucionó el campo de la antropología con esta obra, en la que afirma que los mitos de los indios son un fruto de su conocimiento sobre plantas y animales, sobre la sociedad humana y sus emociones, sobre el cuerpo humano y los astros. Así, parecería que los descubrimientos de F...
| Main Author: | |
|---|---|
| Format: | Libro |
| Language: | Spanish |
| Published: |
Barcelona
Paidós
2008
|
| Edition: | 1a.ed. |
| Series: | Surcos
37 |
| Subjects: | |
| Online Access: |
MARC
| LEADER | 00000cam a2200000 a 4500 | ||
|---|---|---|---|
| 001 | 005860 | ||
| 003 | UAHC_CL | ||
| 005 | 20170803120200.0 | ||
| 008 | 100615s2008 sp 000 spa | ||
| 020 | |a 9788449321207 | ||
| 040 | |a UAHC_CL |c UAHC_CL |d UAHC_CL | ||
| 082 | 0 | 4 | |a 306 |b L664 |2 20 |
| 100 | 1 | |a Lévi-Strauss, Claude | |
| 245 | 1 | 3 | |a La alfarera celosa / |c Claude Lévi-Strauss. |
| 250 | |a 1a.ed. | ||
| 260 | |b Paidós |c 2008 |a Barcelona | ||
| 300 | |a 216 p. | ||
| 490 | 0 | |a Surcos |v 37 | |
| 520 | |a Claude Lévi-Strauss revolucionó el campo de la antropología con esta obra, en la que afirma que los mitos de los indios son un fruto de su conocimiento sobre plantas y animales, sobre la sociedad humana y sus emociones, sobre el cuerpo humano y los astros. Así, parecería que los descubrimientos de Freud y sus discípulos van por el mismo camino que la ambiciosa ciencia de los indios americanos. | ||
| 650 | 4 | |x ALFARERIA | |
| 650 | 4 | |a MINORIAS ETNICAS |x ARTESANIA | |
| 653 | |a ANTROPOLOGIA | ||
| 900 | |a 306 LEVF | ||
| 942 | |c BK | ||
| 952 | |0 0 |1 0 |4 0 |6 306_000000000000000_LEVF |7 0 |8 General |9 12807 |a BC |b BC |c General |d 2017-08-03 |l 1 |o 306 LEVF |p 1378441 |r 2026-01-13 00:00:00 |s 2017-12-19 |t 1 |w 2017-08-03 |y BK | ||
| 999 | |c 5860 |d 5860 | ||


